Dad's Army characters - Statistics

General Stats
  • This quiz has been taken 183 times
  • The average score is 11 of 15
Answer Stats
Hint Answer % Correct
The "stupid boy" of the platoon Pike
93%
Mysteriously left the platoon after the actor who played him died Walker
92%
"They don't like it up 'em!" Jones
88%
According to the title sequence, he thinks he's kidding someone Hitler
86%
Aristocratic, relaxed lover of Mrs Pike Wilson
86%
Elderly character who often needs to be "excused" at awkward times Godfrey
85%
"We're doomed, I tell you. Doooomed!!!" Frazer
80%
Greengrocer who frequently shouts, "You hooligans!" Hodges
77%
Goes off to town on the 8:21, but he comes home each evening and he's ready with his gun Mr Brown
77%
"Napoleon" Mainwaring
71%
Larger than life woman who tries to woo the lance corporal Mrs Fox
70%
Captain of the rival Eastgate platoon Square
58%
The verger, who the vicar repeatedly tells to "be quiet" Mr Yeatman
54%
Welsh journalist who temporarily joins the platoon Cheeseman
48%
Elderly town inhabitant, with a dislike of the ARP warden, who helps the platoon once with some photography Mr Blewitt
39%
No matching quizzes found
Score Distribution
Percent of People with Each Score
Percentile by Number Answered
Your Score History
You have not taken this quiz